|
|
|
|
| LEADER |
01292nam a2200301 u 4500 |
| 001 |
10094528 |
| 003 |
upatras |
| 005 |
20210118200142.0 |
| 008 |
110902s2007 us eng |
| 020 |
|
|
|a 9780881928266
|
| 040 |
|
|
|a ΠΑΝΕΠΙΣΤΗΜΙΟ ΠΑΤΡΑΣ
|c ΠΑΝΕΠΙΣΤΗΜΙΟ ΠΑΤΡΑΣ
|
| 041 |
0 |
|
|a eng
|
| 082 |
0 |
4 |
|a 635.95
|
| 100 |
1 |
|
|a Dunnett, Nigel
|9 101340
|
| 245 |
1 |
0 |
|a Rain gardens
|b managing water sustainably in the garden and designed landscape
|c Nigel Dunnett and Andy Clayden
|
| 260 |
|
|
|a Portland
|b Timber Press
|c 2007
|
| 300 |
|
|
|a 188 p.
|b tab., phot.
|c 25 cm.
|
| 504 |
|
|
|a Includes index
|
| 650 |
|
4 |
|a Αρχιτεκτονική τοπίου
|9 8017
|
| 650 |
|
4 |
|a Κήποι
|x Σχεδιασμός
|9 44771
|
| 650 |
|
4 |
|a Φυτά, Διακοσμητικά
|9 43328
|
| 650 |
|
4 |
|a Υδάτινοι πόροι
|x Διαχείριση
|v Συνέδρια
|z Ελλάδα
|9 16508
|
| 700 |
1 |
|
|a Clayden, Andy
|9 101341
|
| 852 |
|
|
|a GR-PaULI
|b ΠΑΤΡΑ
|b ΑΡΧΙΤΕΚΤΟΝΙΚΗ
|k ΑΣΧΞ-2
|h 635.95 DUN
|m 007618
|p 025000181272
|t 1
|
| 942 |
|
|
|2 ddc
|c BK15
|
| 952 |
|
|
|0 0
|1 0
|4 0
|6 635_950000000000000_DUN
|7 0
|9 102731
|a ARCH
|b ARCH
|d 2016-04-24
|i 007618
|l 0
|o 635.95 DUN
|p 025000181272
|r 2016-04-24 00:00:00
|t 1
|w 2016-04-24
|y BK15
|
| 998 |
|
|
|c Λοτσάρη
|d 2011-09
|
| 999 |
|
|
|c 70223
|d 70223
|